000 00480nam a2200205Ia 4500
001 17463
003 GE_BSU
008 181216s||||||||xx |||||||||||||| ||und||
020 _a9781405007641
040 _cGE_BSU
080 _a811.111
100 _aKey,with. Vince, M.
245 _aElementary language practice
245 _bEnglish grammar and vocabulary
260 _c2003
300 _a288p.
541 _h12ლ.
653 _aElementary language practice
942 _cBK
999 _c50514
_d50514